| 000 | 00422 a2200133 4500 | ||
|---|---|---|---|
| 001 | 93265 | ||
| 082 | _aPR 2594 | ||
| 090 |
_c44779 _d44780 |
||
| 100 | _aMuhammad Zunair; Prof Ibraheem Hanif & Dr Zaheer-ud-din Babar | ||
| 245 |
_aFeasibility Study of Using Life Expired Composite Meterial in Panels of SAAB 2000 Aircraft _n80'A' EC |
||
| 260 |
_aIslamabad _bNUST _c2016 |
||
| 300 | _aix,92p. | ||
| 500 | _aBE Project Report | ||
| 942 |
_aCAE NUST _kPR 2594 |
||
| 999 |
_c328338 _d328338 |
||